000 00642nam a2200181 i 4500
001 142447
003 ES-MaACL
005 20260210163247.0
007 t|
008 071005s1949 sp ||||1| spa d
100 1 _aWishart, J.
_9117152
245 1 0 _aAnálisis de la varianza y covarianza con referencia especial a la experimentación agrícola /
_cpor J. Wishart.
260 _aMadrid :
_bInstituto Nacional de Investigaciones Agronómicas,
_c1949.
300 _a108 p. ;
_c24 cm.
710 _aInstituto Nacional de Investigaciones Agronómicas
_c(España)
_9219222
852 _aES-MaACL
_jD-7600
_bR.31020
999 _c142447
_d142447